Curso-taller. Diseño de programas de promoción y desarrollo /
El documento consiste en el programa del Curso-Taller de la Facultad Latinoamericana de Ciencias Sociales (FLACSO), titulado: "Diseño de programas de promoción y desarrollo", que tiene como objetivo el impacto de la globalización y la apertura comercial, con el fin de diseñar políticas y p...
محفوظ في:
| المؤلف الرئيسي: | |
|---|---|
| التنسيق: | نص |
| اللغة: | Spanish |
| منشور في: |
FLACSO
1992
|
| الموضوعات: | |
| الوسوم: |
إضافة وسم
لا توجد وسوم, كن أول من يضع وسما على هذه التسجيلة!
|
MARC
| LEADER | 00000 a a2200000 04500 | ||
|---|---|---|---|
| 001 | 38974 | ||
| 003 | cru CIDCACS/IIS | ||
| 005 | 20230707095419.0 | ||
| 008 | 230424b1992 cr ||||| |||| 00| 0 spa d | ||
| 040 | |a CRAI/IIS |c CRAI/IIS | ||
| 090 | |a 02.01.02 D611d | ||
| 100 | |a Barrera Santos, Yesid | ||
| 245 | |a Curso-taller. Diseño de programas de promoción y desarrollo / |c Yesid Barrera Santos | ||
| 260 | |b FLACSO |c 1992 | ||
| 300 | |a 34 p. | ||
| 520 | |a El documento consiste en el programa del Curso-Taller de la Facultad Latinoamericana de Ciencias Sociales (FLACSO), titulado: "Diseño de programas de promoción y desarrollo", que tiene como objetivo el impacto de la globalización y la apertura comercial, con el fin de diseñar políticas y programas para la promoción y el desarrollo. | ||
| 650 | |a TALLER DE CAPACITACION | ||
| 650 | |a INVESTIGACION | ||
| 650 | |a CRISIS ECONOMICA | ||
| 650 | |a POLITICA DE DESARROLLO | ||
| 650 | |a AMERICA LATINA | ||
| 942 | |2 ddc |c LITG |h 02.01.02 D611d |i 05038 |6 020102_D611D_05038 | ||
| 999 | |c 17089 |d 17089 | ||
